|
|
|
|
| LEADER |
00000nab a2200000 a 4500 |
| 001 |
vtls000711504 |
| 003 |
SK-MaSNL |
| 005 |
20260303191509.0 |
| 008 |
180206c2000 xo 0 slo |
| 015 |
|
|
|a SNBRB2000/01-03315
|
| 035 |
|
|
|a CLN000063671
|
| 040 |
|
|
|a SNKBUCL
|b slo
|c SNKBUCL
|e AACR2
|
| 041 |
0 |
|
|a slo
|
| 044 |
|
|
|a xo
|c SK
|
| 080 |
|
|
|a 008(437.6)
|2 UDC-MRF-SK2
|
| 080 |
|
|
|a 354.34(437.6)
|2 UDC-MRF-SK2
|
| 100 |
1 |
|
|a Hudec, Ivan,
|d 1947-2022
|4 aut
|9 86574
|
| 245 |
1 |
0 |
|a Capy a kozy v šťavnatej záhrade
|b zlikvidujú "záchrancovia kultúry" napokon aj ...
|c Ivan Hudec
|
| 300 |
|
|
|b Fotogr.
|
| 610 |
|
7 |
|a Slovensko.
|b Ministerstvo kultúry
|2 snkbucl
|9 145780
|
| 650 |
0 |
7 |
|a slovenská kultúra
|2 snkbucl
|9 54525
|
| 655 |
|
7 |
|a články z novín a časopisov
|2 snkbucl
|9 267496
|
| 773 |
0 |
|
|x 1335-4698
|t Slovenská republika
|g Roč. 8, č. 9 (13.1.2000), s. 8
|
| 850 |
|
|
|a Slovenská národná knižnica v Martine
|
| 852 |
|
|
|a SNK
|b KIS3GCP
|
| 958 |
|
|
|a RBX
|
| 999 |
|
|
|c 2141513
|d 2143443
|